| 000 | 00844nam a2200205Ia 4500 | ||
|---|---|---|---|
| 003 | GCL | ||
| 008 | 140319s9999 xx 000 0 ara d | ||
| 040 |
_aGCL / _cGCL |
||
| 082 | 0 | 4 |
_aق _b923.262 _bس م |
| 100 | 1 | _aسيد عبدالرازق يوسف عبداللة | |
| 245 | 1 | 0 |
_aمحمود فهمى النقراشى ودورة فى السياسة المصرية وحل جماعة الاخوان المسلمين (1888 - 1948) / _cسيد عبدالرازق يوسف عبداللة |
| 300 | _a744 ص | ||
| 490 |
_aصفحات من تاريخ مصر _v0 |
||
| 650 | 0 | 4 | _aالاحوال السياسية |
| 650 | 0 | 4 | _aالاحزاب السياسية |
| 650 | 0 | 4 | _aالاخوان المسلمون |
| 650 | 0 | 4 | _aمحمود فهمى النقراشى |
| 650 | 0 | 4 | _aمصر - تاريخ - العصر الحديث (1805 - 1956 ) |
| 942 |
_2ddc _cBK |
||
| 999 |
_c40741 _d40741 |
||